[Event "Mechanics' Fall TNM: U1600"]
[Site "San Francisco"]
[Date "2019.11.26"]
[Round "6.35"]
[White "Yamamoto, Craig"]
[Black "Bayaraa, Timothy"]
[Result "1-0"]
[WhiteElo "1500"]
[BlackElo "1084"]
[PlyCount "87"]

1. e4 e5 2. Bc4 Nf6 3. Nc3 Bc5 4. Nf3 Nc6 5. O-O d6 6. d3 Bg4 7. h3 Bh5 8. g4
Bg6 9. Bg5 h6 10. Bh4 h5 11. g5 Ng4 12. Na4 Qd7 13. Kg2 f6 14. Nxc5 dxc5 15. c3
O-O-O 16. a4 f5 17. Qe2 f4 18. a5 Nb8 19. b4 cxb4 20. cxb4 Bf7 21. Bxf7 Qxf7
22. Nd2 Rd6 23. Nc4 Re6 24. f3 Ne3+ 25. Nxe3 fxe3 26. Qxe3 Qg6 27. f4 exf4 28.
Qxf4 Rf6 29. Qe3 Rd6 30. b5 Rhd8 31. Rfd1 Qe6 32. d4 Qc4 33. d5 Qxb5 34. Bg3
R6d7 35. Rdc1 Na6 36. Qxa7 Qe2+ 37. Kg1 Qxe4 38. Qa8+ Nb8 39. a6 Qe3+ 40. Kg2
Qe4+ 41. Kg1 Qd4+ 42. Kh2 Qb2+ 43. Kh1 b6 44. a7 1-0

[Event "Mechanics' Fall TNM: U1600"]
[Site "San Francisco"]
[Date "2019.11.26"]
[Round "6.31"]
[White "Olson, David"]
[Black "Li, Katherine"]
[Result "1-0"]
[WhiteElo "1407"]
[BlackElo "703"]
[PlyCount "85"]

1. e4 e5 2. Nf3 Nc6 3. Be2 Nf6 4. d3 d6 5. O-O g6 6. Nc3 Bg7 7. Bg5 O-O 8. Qd2
Be6 9. Nd1 d5 10. exd5 Qxd5 11. Ne3 Qd6 12. c3 e4 13. Ne1 exd3 14. Qxd3 Qxd3
15. Nxd3 Ne4 16. Bf4 Rac8 17. Rfd1 g5 18. Bg3 Nxg3 19. hxg3 b6 20. Bf3 Ne5 21.
Bh5 f5 22. Be2 Nxd3 23. Bxd3 f4 24. gxf4 gxf4 25. Nc4 Bd5 26. Bxh7+ Kxh7 27.
Rxd5 c6 28. Rd7 b5 29. Ne5 a5 30. Rad1 b4 31. cxb4 axb4 32. Rb7 c5 33. Rdd7 Rg8
34. b3 Kh6 35. Nd3 c4 36. bxc4 Rxc4 37. Rxb4 Rxb4 38. Nxb4 Bf8 39. Nd5 f3 40.
g3 Kg5 41. Rd8 Kh6 42. a4 Kh7 43. Nf6+ 1-0

[Event "Mechanics' Fall TNM: U1600"]
[Site "San Francisco"]
[Date "2019.11.26"]
[Round "6.38"]
[White "Revi, Frank"]
[Black "Ballantyne, Andrew"]
[Result "1-0"]
[WhiteElo "1376"]
[BlackElo "785"]
[PlyCount "39"]

1. d4 d5 2. c4 Nf6 3. Nf3 Nc6 4. Bf4 Bf5 5. a3 Qd7 6. Nc3 O-O-O 7. e3 e6 8. c5
Re8 9. Bb5 a6 10. Ne5 Qd8 11. Bxc6 bxc6 12. Qb3 Nd7 13. Nxc6 Qf6 14. Na7+ Kd8
15. Qb7 e5 16. Nc6+ Qxc6 17. Qxc6 exf4 18. Nxd5 Re7 19. Qxc7+ Ke8 20. Qc8# 1-0

[Event "Mechanics' Fall TNM: U1600"]
[Site "San Francisco"]
[Date "2019.11.26"]
[Round "6.40"]
[White "Capdeville, Barry"]
[Black "Sun, Kevin"]
[Result "1-0"]
[WhiteElo "1226"]
[BlackElo "1100"]
[PlyCount "51"]

1. e4 e5 2. Nf3 Nc6 3. Bb5 Nf6 4. d3 Be7 5. c3 d6 6. Nbd2 Bd7 7. Nf1 O-O 8. Ng3
a6 9. Ba4 b5 10. Bc2 Re8 11. O-O Na7 12. b4 c6 13. d4 exd4 14. cxd4 d5 15. e5
Ng4 16. a3 Qb8 17. Bf4 Be6 18. Qd2 Nc8 19. Nf5 Kh8 20. h3 Nh6 21. Nxh6 gxh6 22.
Bxh6 Rg8 23. Ng5 Bxg5 24. Bxg5 h6 25. Bf6+ Rg7 26. Qxh6+ 1-0

[Event "Mechanics' Fall TNM: Extra Rated"]
[Site "San Francisco"]
[Date "2019.11.26"]
[Round "6.11"]
[White "Boldi, Nicholas"]
[Black "Acharya, Venkatagiri"]
[Result "1/2-1/2"]
[WhiteElo "1653"]
[BlackElo "1609"]
[Annotator "de Firmian,Nick"]
[PlyCount "114"]

1. e4 e5 2. Nf3 Nc6 3. Bc4 Be7 4. O-O Nf6 5. Nc3 O-O 6. d3 h6 7. h3 a6 8. a4
Bc5 9. Ne2 d5 10. exd5 Nxd5 11. c3 Nb6 $6 (11... Be6) 12. Ba2 Nd5 $2 (12... a5)
13. b4 Ba7 14. b5 Nce7 15. Nxe5 Nf5 16. bxa6 Nxc3 17. Nxc3 Qd4 18. Qe1 Ng3 19.
Nf3 Qxd3 20. Ba3 Qxc3 21. Qxc3 Ne2+ 22. Kh1 Nxc3 23. Bxf8 Kxf8 24. axb7 Bxb7
25. Bb3 Ne2 26. Ra2 Nf4 27. Kh2 c5 28. Rd2 Ba6 29. Rfd1 c4 30. Bc2 Nd3 31. Bxd3
cxd3 32. Ne1 Bc4 33. Nxd3 Bb3 34. Ra1 Bd4 35. Rc1 Bf6 36. Nc5 Bxa4 {[#]} 37.
Nxa4 $2 (37. Ra2 Bc6 38. Rxa8+ Bxa8 39. Nd7+ Ke7 40. Nb6 {wins the bishop})
37... Bg5 $1 38. Rcd1 Bxd2 39. Rxd2 Rxa4 40. Kg3 g5 41. Rd3 Kg7 42. f3 Kg6 43.
Kf2 Ra2+ 44. Kg3 h5 45. Rd4 Re2 46. Rd6+ f6 47. Rc6 h4+ 48. Kh2 Kf5 49. Rc4 Re6
50. Rg4 Re2 51. Rc4 Re5 52. Rg4 Kg6 53. Rc4 Rf5 54. Rb4 Rf4 55. Rb6 Rd4 56. Rc6
Rf4 57. Ra6 Rd4 1/2-1/2

[Event "Mechanics' Fall TNM: Extra Rated"]
[Site "San Francisco"]
[Date "2019.11.26"]
[Round "6.22"]
[White "Chin, Alex Paul"]
[Black "Tamondong, Cesar"]
[Result "1-0"]
[WhiteElo "1830"]
[BlackElo "1600"]
[PlyCount "87"]

1. e4 c5 2. Nf3 Nc6 3. Bb5 g6 4. O-O Bg7 5. d3 e6 6. Re1 Nge7 7. c3 O-O 8. Bg5
Qb6 9. Qb3 h6 10. Be3 d6 11. Nbd2 Na5 12. Qa4 a6 13. Bc4 Nxc4 14. Nxc4 Qc7 15.
Qa3 b5 16. Qa5 Qxa5 17. Nxa5 Kh7 18. e5 Nf5 19. exd6 Nxe3 20. Rxe3 Rd8 21. Nb3
c4 22. dxc4 bxc4 23. Na5 Rxd6 24. Nxc4 Rc6 25. Nfe5 Rc7 26. Nb6 Rb8 27. Nxc8
Rbxc8 28. Rd1 Rb8 29. b3 Rb5 30. f4 Bxe5 31. fxe5 Ra5 32. a4 Rb7 33. c4 Rc5 34.
g4 Rc6 35. Kf2 Kg7 36. Rd6 Rcb6 37. Rxb6 Rxb6 38. c5 Rc6 39. Rc3 f6 40. b4 fxe5
41. b5 axb5 42. axb5 Rc8 43. c6 Ra8 44. c7 1-0

[Event "Mechanics' Fall TNM: Extra Rated"]
[Site "San Francisco"]
[Date "2019.11.26"]
[Round "6.23"]
[White "Schley, Andrew"]
[Black "Casares, Nick"]
[Result "1-0"]
[WhiteElo "1746"]
[BlackElo "1600"]
[PlyCount "75"]

1. e4 e5 2. Nf3 Nc6 3. Bb5 a6 4. Ba4 Nf6 5. O-O b5 6. Bb3 Be7 7. d3 O-O 8. c3
Re8 9. Nbd2 Bf8 10. Re1 Na5 11. Bc2 c5 12. Nf1 h6 13. Ng3 d6 14. Be3 Ng4 15.
Qd2 Nxe3 16. fxe3 Bg4 17. Rf1 Qd7 18. a3 Be6 19. b4 Nc6 20. Rf2 a5 21. d4 Bg4
22. d5 Ne7 23. Bd1 axb4 24. cxb4 c4 25. Qc3 Nc8 26. h3 Bxf3 27. Bxf3 g6 28. Bg4
Qe7 29. Rfa2 Nb6 30. Bd1 h5 31. a4 h4 32. Nf1 Bh6 33. axb5 Rac8 34. Ra6 Qd8 35.
Bg4 f5 36. exf5 Nxd5 37. Qd2 c3 38. Qxd5+ 1-0